El interinato presidencial de 1911 (Record no. 121015)

MARC details
000 -LEADER
campo de control de longitud fija 00659nam a2200157 4500
001 - NÚMERO DE CONTROL
campo de control 121015
003 - IDENTIFICADOR DE NÚMERO DE CONTROL
campo de control ES-MaACL
005 - FECHA Y HORA DE LA ÚLTIMA TRANSACCIÓN
campo de control 20230906191653.0
007 - CAMPO FIJO DE DESCRIPCIÓN FÍSICA--INFORMACIÓN GENERAL
campo de control de longitud fija t|
008 - DATOS DE LONGITUD FIJA--INFORMACIÓN GENERAL
campo de control de longitud fija 070214s1912 mx r ||||1| spa d
100 1# - ENTRADA PRINCIPAL--NOMBRE DE PERSONA
Nombre de persona Ponce de León, Gregorio.
9 (RLIN) 92948
245 13 - MENCIÓN DEL TÍTULO
Título El interinato presidencial de 1911
Resto del título : obra escrita ... por el licenciado Gregorio Ponce de León, sobre la tarea que realizó el Señor licenciado Don Francisco León de la Barra, como presidente interino de la república /
Mención de responsabilidad, etc. Gregorio Ponce de León.
260 ## - PUBLICACIÓN, DISTRIBUCIÓN, ETC.
Lugar de publicación, distribución, etc. México :
Nombre del editor, distribuidor, etc. [s.n.],
Fecha de publicación, distribución, etc. 1912 (
Fabricante Impr. de la Secretaría de Fomento)
300 ## - DESCRIPCIÓN FÍSICA
Extensión 290 p. ;
Dimensiones 22 cm.
852 ## - LOCALIZACIÓN
Ubicación ES-MaACL
Número de control de estantería F-672
Holdings
Estatus retirado Estado de pérdida Estado de daño No para préstamo Biblioteca de origen Biblioteca actual Ubicación en estantería Fecha de adquisición Fuente de adquisición Total de préstamos Signatura topográfica completa Código de barras Visto por última vez Precio de reemplazo Tipo de ítem Koha
        Biblioteca del Ateneo de Madrid Biblioteca del Ateneo de Madrid Depósito 2 17/01/2008     F-672 1126125 23/02/2023 23/02/2023 Libro impreso